Iniciación apícola /
Guardado en:
| Autor Principal: | |
|---|---|
| Autor Corporativo: | |
| Formato: | Libro |
| Idioma: | Spanish |
| Publicado: |
Buenos Aires :
INTA,
1981.
|
| Edición: | 4a ed. rev. |
| Series: | Manual agropecurio ;
nº 6 |
| Etiquetas: |
Agregar Etiqueta
Sin Etiquetas, Sea el primero en etiquetar este registro!
|
| LEADER | 00558nam a22001695a 4500 | ||
|---|---|---|---|
| 001 | EEA.libagro003441 | ||
| 005 | 20190607100150.0 | ||
| 008 | 130809s1981####ag#a##########000#0#spa#d | ||
| 082 | 0 | 4 | |a 638.1 |
| 100 | 1 | |a Katzenelson, Moises. | |
| 245 | 1 | 0 | |a Iniciación apícola / |c Moises Katzenelson. |
| 250 | |a 4a ed. rev. | ||
| 260 | |a Buenos Aires : |b INTA, |c 1981. | ||
| 300 | |a 103 p. : |b il. ; |c 23 cm. | ||
| 490 | 1 | |a Manual agropecurio ; |v nº 6 | |
| 710 | 2 | |a Instituto Nacional de Tecnología Agropecuaria (Argentina) | |
| 859 | |a AR-BbBCA |b BIB. AGRONOMIA |h 638.1 |i K19 |p 1984/0154 | ||
